00262nam a2200085Ia 4500008004100000041000800041100001700049245005800066260005200124241105s9999 xx 000 0 und d aeng aKolhe Sayali aAn Abode Of Hillscapes In Urban Fringe Of Nashik City bBNCA M Arch Landscapes Architecture, Punec2021